000 01088nam a2200313 a 4500
001 000021777
003 DO-SdBNP
005 20250925101038.0
008 100913s2006 dr 000 0 spa d
020 _a9945410105
040 _aDO-SdBNP
_bspa
_cBNPHU
049 _aBNPD
082 4 _a972.93052
_bI43do
_222
100 1 _aInfante, Fernando,
_d1935-
_910518
245 1 0 _a12 años de Balaguer :
_bcronología histórica 1966-1978 /
_cFernando Infante.
246 1 2 _aDoces años de Balaguer :
260 _aSanto Domingo :
_bLetra Gráfica,
_c2006.
300 _a478 páginas ;
_c18 cm.
336 _atexto
_btxt
_2rdacontent
337 _asin mediación
_bn
_2rdamedia
338 _avolumen
_bnc
_2rdacarrier
500 _aIncluye índice onomástico
500 _aIncluye datos biográficos del autor en la contracubierta.
600 1 0 _a Balaguer, Joaquín,
_d1906-2002
_976556
651 0 _aRepública Dominicana
_xHistoria
_z1966-1978
_978065
651 0 _aRepública Dominicana
_xPolítica y gobierno
_978065
910 _aValidado. Control de Calidad/MAA
942 _2ddc
_cLBS1
999 _c21276
_d21276